[Event "2nd Easter 4NCL Congress"]
[Site "Daventry"]
[Date "2022.04.18"]
[Round "6"]
[Board "8"]
[White "Stubbs, Oliver"]
[Black "Thompson, Ian D"]
[Result "1/2-1/2"]
[WhiteElo "2101"]
[BlackElo "2213"]
[PlyCount "0"]
[EventDate "2022.04.15"]
[EventRounds "7"]
[EventCountry "ENG"]

1. d4 {[%clk 01:30:56]} {[%emt 00:00:03]} Nf6 {[%clk 01:30:51]} {[%emt
00:00:11]} 2. Nf3 {[%clk 01:31:18]} {[%emt 00:00:06]} g6 {[%clk 01:31:11]}
{[%emt 00:00:11]} 3. Bf4 {[%clk 01:31:39]} {[%emt 00:00:09]} Bg7 {[%clk
01:31:26]} {[%emt 00:00:15]} 4. e3 {[%clk 01:31:57]} {[%emt 00:00:12]} c5
{[%clk 01:31:20]} {[%emt 00:00:36]} 5. c3 {[%clk 01:30:08]} {[%emt 00:02:19]}
Qb6 {[%clk 01:31:17]} {[%emt 00:00:34]} 6. Qb3 {[%clk 01:26:10]} {[%emt
00:04:27]} d6 {[%clk 01:31:11]} {[%emt 00:00:37]} 7. h3 {[%clk 01:21:44]}
{[%emt 00:04:56]} O-O {[%clk 01:30:49]} {[%emt 00:00:52]} 8. Nbd2 {[%clk
01:21:30]} {[%emt 00:00:44]} Be6 {[%clk 01:29:41]} {[%emt 00:01:38]} 9. Nc4
{[%clk 01:14:21]} {[%emt 00:07:38]} Qc7 {[%clk 01:10:07]} {[%emt 00:20:05]} 10.
dxc5 {[%clk 00:57:45]} {[%emt 00:17:06]} Qxc5 {[%clk 01:09:55]} {[%emt
00:00:42]} 11. Qa3 {[%clk 00:57:22]} {[%emt 00:00:53]} Qxa3 {[%clk 01:06:21]}
{[%emt 00:04:04]} 12. Nxa3 {[%clk 00:57:45]} {[%emt 00:00:06]} Nd5 {[%clk
01:05:28]} {[%emt 00:01:24]} 13. Nb5 {[%clk 00:52:32]} {[%emt 00:05:43]} a6
{[%clk 01:03:24]} {[%emt 00:02:33]} 14. Nbd4 {[%clk 00:52:42]} {[%emt
00:00:21]} Nxf4 {[%clk 01:02:23]} {[%emt 00:01:31]} 15. exf4 {[%clk 00:53:03]}
{[%emt 00:00:09]} Bd7 {[%clk 01:02:34]} {[%emt 00:00:19]} 16. Be2 {[%clk
00:50:01]} {[%emt 00:03:31]} Nc6 {[%clk 00:59:23]} {[%emt 00:03:41]} 17. Rd1
{[%clk 00:49:25]} {[%emt 00:01:06]} Rfc8 {[%clk 00:53:38]} {[%emt 00:06:16]} 18.
Nxc6 {[%clk 00:43:51]} {[%emt 00:06:04]} Bxc6 {[%clk 00:53:36]} {[%emt
00:00:32]} 19. O-O {[%clk 00:42:44]} {[%emt 00:01:37]} b5 {[%clk 00:51:36]}
{[%emt 00:02:30]} 20. Nd4 {[%clk 00:37:29]} {[%emt 00:05:44]} Bd7 {[%clk
00:48:39]} {[%emt 00:03:27]} 21. Rfe1 {[%clk 00:34:10]} {[%emt 00:03:49]} Bf8
{[%clk 00:41:44]} {[%emt 00:07:25]} 22. h4 {[%clk 00:31:56]} {[%emt 00:02:44]}
Ra7 {[%clk 00:36:05]} {[%emt 00:06:10]} 23. h5 {[%clk 00:31:42]} {[%emt
00:00:43]} Rb8 {[%clk 00:31:58]} {[%emt 00:04:37]} 24. hxg6 {[%clk 00:32:01]}
{[%emt 00:00:11]} hxg6 {[%clk 00:32:27]} {[%emt 00:00:01]} 25. Bd3 {[%clk
00:30:42]} {[%emt 00:01:49]} e6 {[%clk 00:32:26]} {[%emt 00:00:31]} 26. a3
{[%clk 00:25:56]} {[%emt 00:05:16]} a5 {[%clk 00:29:50]} {[%emt 00:03:07]} 27.
Nc2 {[%clk 00:26:20]} {[%emt 00:00:06]} d5 {[%clk 00:29:26]} {[%emt 00:00:54]}
28. g4 {[%clk 00:22:34]} {[%emt 00:04:15]} b4 {[%clk 00:29:08]} {[%emt
00:00:49]} 29. axb4 {[%clk 00:17:24]} {[%emt 00:05:40]} axb4 {[%clk 00:29:29]}
{[%emt 00:00:08]} 30. f5 {[%clk 00:17:07]} {[%emt 00:00:47]} bxc3 {[%clk
00:25:17]} {[%emt 00:04:43]} 31. bxc3 {[%clk 00:16:04]} {[%emt 00:01:32]} gxf5
{[%clk 00:17:49]} {[%emt 00:07:58]} 32. gxf5 {[%clk 00:16:28]} {[%emt
00:00:06]} Bg7 {[%clk 00:16:59]} {[%emt 00:01:20]} 33. fxe6 {[%clk 00:16:53]}
{[%emt 00:00:05]} fxe6 {[%clk 00:17:13]} {[%emt 00:00:16]} 34. Nd4 {[%clk
00:14:58]} {[%emt 00:02:25]} e5 {[%clk 00:16:26]} {[%emt 00:01:16]} 35. Nf5
{[%clk 00:14:49]} {[%emt 00:00:39]} Bf6 {[%clk 00:16:14]} {[%emt 00:00:43]} 36.
Ne3 {[%clk 00:14:01]} {[%emt 00:01:19]} d4 {[%clk 00:09:34]} {[%emt 00:07:09]}
37. cxd4 {[%clk 00:13:13]} {[%emt 00:01:18]} exd4 {[%clk 00:10:03]} {[%emt
00:00:02]} 38. Nd5 {[%clk 00:12:06]} {[%emt 00:01:36]} Kf7 {[%clk 00:09:53]}
{[%emt 00:00:40]} 39. Nxf6 {[%clk 00:12:12]} {[%emt 00:00:24]} Kxf6 {[%clk
00:10:21]} {[%emt 00:00:02]} 40. f4 {[%clk 00:11:55]} {[%emt 00:00:47]} Rg8+
{[%clk 00:07:12]} {[%emt 00:03:40]} 41. Kf2 {[%clk 00:11:17]} {[%emt 00:01:08]}
Bc6 {[%clk 00:07:23]} {[%emt 00:00:18]} 42. Be4 {[%clk 00:09:55]} {[%emt
00:01:52]} Ra2+ {[%clk 00:06:48]} {[%emt 00:01:05]} 43. Kf3 {[%clk 00:09:20]}
{[%emt 00:01:06]} Ra3+ {[%clk 00:06:03]} {[%emt 00:01:15]} 44. Kf2 {[%clk
00:08:59]} {[%emt 00:00:50]} Ra2+ {[%clk 00:06:12]} {[%emt 00:00:22]} 45. Kf3
{[%clk 00:09:21]} {[%emt 00:00:07]}  1/2-1/2

[Event "2nd Easter 4NCL Congress"]
[Site "Daventry"]
[Date "2022.04.18"]
[Round "6"]
[Board "10"]
[White "Southcott-Moyers, Indy"]
[Black "Dignam, Matthew P"]
[Result "0-1"]
[WhiteElo "2052"]
[BlackElo "2314"]
[PlyCount "0"]
[EventDate "2022.04.15"]
[EventRounds "7"]
[EventCountry "ENG"]

1. d4 {[%clk 01:30:57]} {[%emt 00:00:02]} Nf6 {[%clk 01:30:54]} {[%emt
00:00:05]} 2. c4 {[%clk 01:31:25]} {[%emt 00:00:04]} g6 {[%clk 01:30:59]}
{[%emt 00:00:24]} 3. Nc3 {[%clk 01:31:51]} {[%emt 00:00:05]} Bg7 {[%clk
01:30:49]} {[%emt 00:00:39]} 4. e4 {[%clk 01:32:15]} {[%emt 00:00:07]} d6
{[%clk 01:31:11]} {[%emt 00:00:06]} 5. Nf3 {[%clk 01:32:42]} {[%emt 00:00:04]}
O-O {[%clk 01:31:17]} {[%emt 00:00:23]} 6. Be2 {[%clk 01:33:04]} {[%emt
00:00:09]} e5 {[%clk 01:30:18]} {[%emt 00:01:28]} 7. Be3 {[%clk 01:30:09]}
{[%emt 00:03:27]} Ng4 {[%clk 01:27:21]} {[%emt 00:03:26]} 8. Bg5 {[%clk
01:30:25]} {[%emt 00:00:15]} f6 {[%clk 01:27:27]} {[%emt 00:00:23]} 9. Bh4
{[%clk 01:30:24]} {[%emt 00:00:32]} Nc6 {[%clk 01:21:08]} {[%emt 00:06:48]} 10.
d5 {[%clk 01:30:46]} {[%emt 00:00:09]} Ne7 {[%clk 01:20:43]} {[%emt 00:00:54]}
11. Nd2 {[%clk 01:31:07]} {[%emt 00:00:09]} Nh6 {[%clk 01:17:07]} {[%emt
00:04:06]} 12. f3 {[%clk 01:17:29]} {[%emt 00:14:08]} g5 {[%clk 01:09:12]}
{[%emt 00:08:25]} 13. Bf2 {[%clk 01:17:00]} {[%emt 00:01:00]} Ng6 {[%clk
01:09:09]} {[%emt 00:00:32]} 14. g4 {[%clk 01:12:10]} {[%emt 00:05:20]} Nf7
{[%clk 01:05:48]} {[%emt 00:03:51]} 15. c5 {[%clk 01:04:00]} {[%emt 00:08:40]}
Nf4 {[%clk 00:59:17]} {[%emt 00:06:59]} 16. Bf1 {[%clk 00:57:22]} {[%emt
00:07:09]} Re8 {[%clk 00:48:50]} {[%emt 00:10:57]} 17. Nc4 {[%clk 00:55:05]}
{[%emt 00:02:48]} Bf8 {[%clk 00:45:00]} {[%emt 00:04:18]} 18. cxd6 {[%clk
00:50:17]} {[%emt 00:05:20]} Nxd6 {[%clk 00:42:18]} {[%emt 00:03:11]} 19. Nxd6
{[%clk 00:42:41]} {[%emt 00:08:07]} Bxd6 {[%clk 00:36:35]} {[%emt 00:06:13]} 20.
Bb5 {[%clk 00:39:40]} {[%emt 00:03:32]} Re7 {[%clk 00:30:31]} {[%emt 00:06:33]}
21. Qd2 {[%clk 00:31:03]} {[%emt 00:09:08]} Ng2+ {[%clk 00:27:13]} {[%emt
00:03:47]} 22. Kf1 {[%clk 00:26:43]} {[%emt 00:04:52]} Nf4 {[%clk 00:27:20]}
{[%emt 00:00:21]} 23. Ne2 {[%clk 00:26:45]} {[%emt 00:00:28]} h5 {[%clk
00:21:57]} {[%emt 00:05:54]} 24. Nxf4 {[%clk 00:26:36]} {[%emt 00:00:39]} gxf4
{[%clk 00:20:49]} {[%emt 00:01:37]} 25. gxh5 {[%clk 00:22:57]} {[%emt
00:04:10]} a6 {[%clk 00:16:45]} {[%emt 00:04:34]} 26. Rg1+ {[%clk 00:22:17]}
{[%emt 00:01:10]} Kh8 {[%clk 00:16:40]} {[%emt 00:00:35]} 27. Bd3 {[%clk
00:22:09]} {[%emt 00:00:38]} Qe8 {[%clk 00:09:02]} {[%emt 00:08:07]} 28. Ke2
{[%clk 00:18:08]} {[%emt 00:04:32]} Qxh5 {[%clk 00:08:44]} {[%emt 00:00:46]} 29.
h4 {[%clk 00:18:32]} {[%emt 00:00:07]} Bd7 {[%clk 00:07:21]} {[%emt 00:01:54]}
30. Bc2 {[%clk 00:16:22]} {[%emt 00:02:40]} Rg8 {[%clk 00:05:11]} {[%emt
00:02:39]} 31. Rxg8+ {[%clk 00:16:24]} {[%emt 00:00:29]} Kxg8 {[%clk 00:05:37]}
{[%emt 00:00:03]} 32. Rg1+ {[%clk 00:16:36]} {[%emt 00:00:19]} Rg7 {[%clk
00:05:50]} {[%emt 00:00:16]} 33. Rxg7+ {[%clk 00:16:58]} {[%emt 00:00:09]} Kxg7
{[%clk 00:06:17]} {[%emt 00:00:02]} 34. Bd3 {[%clk 00:15:42]} {[%emt 00:01:47]}
Bh3 {[%clk 00:06:18]} {[%emt 00:00:29]} 35. Qc3 {[%clk 00:14:58]} {[%emt
00:01:14]} Qg6 {[%clk 00:03:55]} {[%emt 00:02:53]} 36. Qe1 {[%clk 00:14:14]}
{[%emt 00:01:13]} Kf7 {[%clk 00:03:14]} {[%emt 00:01:11]} 37. Qh1 {[%clk
00:11:09]} {[%emt 00:03:36]} Bg2 {[%clk 00:02:04]} {[%emt 00:01:40]} 38. Qh2
{[%clk 00:08:59]} {[%emt 00:02:41]} Bxf3+ {[%clk 00:02:23]} {[%emt 00:00:09]}
39. Kxf3 {[%clk 00:09:22]} {[%emt 00:00:09]} Qh5+ {[%clk 00:02:50]} {[%emt
00:00:03]} 40. Kg2 {[%clk 00:09:38]} {[%emt 00:00:15]} Qg4+ {[%clk 00:03:00]}
{[%emt 00:00:19]} 41. Bg3 {[%clk 00:09:30]} {[%emt 00:00:38]} Bc5 {[%clk
00:02:58]} {[%emt 00:00:31]} 42. h5 {[%clk 00:07:40]} {[%emt 00:02:19]} Qd1
{[%clk 00:02:10]} {[%emt 00:01:20]} 43. h6 {[%clk 00:01:53]} {[%emt 00:06:18]}
Qxd3 {[%clk 00:02:30]} {[%emt 00:00:09]} 44. Qh5+ {[%clk 00:01:59]} {[%emt
00:00:24]} Ke7 {[%clk 00:02:36]} {[%emt 00:00:24]} 45. Bf2 {[%clk 00:01:10]}
{[%emt 00:01:19]} Qxe4+ {[%clk 00:02:20]} {[%emt 00:00:46]} 46. Qf3 {[%clk
00:01:13]} {[%emt 00:00:26]} Qg6+ {[%clk 00:02:27]} {[%emt 00:00:24]} 47. Kf1
{[%clk 00:01:15]} {[%emt 00:00:28]} Bxf2 {[%clk 00:02:25]} {[%emt 00:00:31]} 48.
Qa3+ {[%clk 00:01:28]} {[%emt 00:00:18]} Kf7 {[%clk 00:01:49]} {[%emt
00:01:06]} 49. Qa4 {[%clk 00:01:02]} {[%emt 00:00:57]} Qg1+ {[%clk 00:01:22]}
{[%emt 00:00:55]} 50. Ke2 {[%clk 00:01:28]} {[%emt 00:00:04]} Qe1+ {[%clk
00:01:45]} {[%emt 00:00:06]} 51. Kf3 {[%clk 00:01:55]} {[%emt 00:00:04]} Qe3+
{[%clk 00:01:58]} {[%emt 00:00:17]} 52. Kg2 {[%clk 00:02:11]} {[%emt 00:00:15]}
f3+ {[%clk 00:02:20]} {[%emt 00:00:08]}  0-1

[Event "2nd Easter 4NCL Congress"]
[Site "Daventry"]
[Date "2022.04.18"]
[Round "6"]
[Board "11"]
[White "Gomez, Daniel"]
[Black "Fallowfield, Jeremy R"]
[Result "1/2-1/2"]
[WhiteElo "2025"]
[BlackElo "2235"]
[PlyCount "0"]
[EventDate "2022.04.15"]
[EventRounds "7"]
[EventCountry "ENG"]

1. e4 {[%clk 01:30:57]} {[%emt 00:00:03]} c5 {[%clk 01:29:38]} {[%emt
00:01:22]} 2. Nf3 {[%clk 01:30:37]} {[%emt 00:00:48]} d6 {[%clk 01:30:03]}
{[%emt 00:00:07]} 3. d4 {[%clk 01:30:43]} {[%emt 00:00:24]} cxd4 {[%clk
01:30:26]} {[%emt 00:00:06]} 4. Nxd4 {[%clk 01:31:10]} {[%emt 00:00:04]} Nf6
{[%clk 01:30:47]} {[%emt 00:00:09]} 5. Nc3 {[%clk 01:31:23]} {[%emt 00:00:17]}
a6 {[%clk 01:31:09]} {[%emt 00:00:09]} 6. h3 {[%clk 01:31:13]} {[%emt
00:00:38]} e5 {[%clk 01:30:37]} {[%emt 00:01:03]} 7. Nde2 {[%clk 01:31:20]}
{[%emt 00:00:23]} h5 {[%clk 01:29:57]} {[%emt 00:01:10]} 8. g3 {[%clk
01:30:40]} {[%emt 00:01:10]} Nbd7 {[%clk 01:23:05]} {[%emt 00:07:22]} 9. Be3
{[%clk 01:19:06]} {[%emt 00:12:03]} b5 {[%clk 01:11:08]} {[%emt 00:12:27]} 10.
Bg2 {[%clk 01:18:51]} {[%emt 00:00:45]} Bb7 {[%clk 01:04:29]} {[%emt 00:07:10]}
11. Nd5 {[%clk 01:00:02]} {[%emt 00:19:18]} Bxd5 {[%clk 00:58:17]} {[%emt
00:06:44]} 12. exd5 {[%clk 01:00:26]} {[%emt 00:00:06]} g6 {[%clk 00:58:13]}
{[%emt 00:00:33]} 13. Qd2 {[%clk 00:49:29]} {[%emt 00:11:27]} Bg7 {[%clk
00:55:08]} {[%emt 00:03:35]} 14. O-O {[%clk 00:45:44]} {[%emt 00:04:15]} O-O
{[%clk 00:54:28]} {[%emt 00:01:09]} 15. b3 {[%clk 00:37:20]} {[%emt 00:08:55]}
Nh7 {[%clk 00:41:21]} {[%emt 00:13:36]} 16. Rac1 {[%clk 00:32:21]} {[%emt
00:05:30]} h4 {[%clk 00:38:24]} {[%emt 00:03:27]} 17. c4 {[%clk 00:32:17]}
{[%emt 00:00:34]} Re8 {[%clk 00:26:07]} {[%emt 00:12:47]} 18. cxb5 {[%clk
00:22:03]} {[%emt 00:10:44]} axb5 {[%clk 00:26:25]} {[%emt 00:00:10]} 19. Rc6
{[%clk 00:21:54]} {[%emt 00:00:41]} Bf8 {[%clk 00:26:44]} {[%emt 00:00:10]} 20.
Rfc1 {[%clk 00:21:34]} {[%emt 00:00:51]} hxg3 {[%clk 00:23:18]} {[%emt
00:03:55]} 21. fxg3 {[%clk 00:21:41]} {[%emt 00:00:24]} Nhf6 {[%clk 00:14:10]}
{[%emt 00:09:38]} 22. R6c2 {[%clk 00:13:56]} {[%emt 00:08:16]} Qa5 {[%clk
00:10:55]} {[%emt 00:03:44]} 23. Qxa5 {[%clk 00:12:25]} {[%emt 00:02:01]} Rxa5
{[%clk 00:11:23]} {[%emt 00:00:02]} 24. Bd2 {[%clk 00:12:35]} {[%emt 00:00:21]}
Ra7 {[%clk 00:10:13]} {[%emt 00:01:40]} 25. Bb4 {[%clk 00:12:11]} {[%emt
00:00:53]} Nb6 {[%clk 00:10:01]} {[%emt 00:00:42]} 26. Nc3 {[%clk 00:12:13]}
{[%emt 00:00:28]} Rb7 {[%clk 00:09:03]} {[%emt 00:01:28]} 27. Nxb5 {[%clk
00:09:36]} {[%emt 00:03:08]} Nbxd5 {[%clk 00:09:05]} {[%emt 00:00:27]} 28. Nc3
{[%clk 00:07:59]} {[%emt 00:02:07]}  1/2-1/2

[Event "2nd Easter 4NCL Congress"]
[Site "Daventry"]
[Date "2022.04.18"]
[Round "6"]
[Board "12"]
[White "Gibson, Christopher A"]
[Black "Finn, Peter"]
[Result "0-1"]
[WhiteElo "1899"]
[BlackElo "2177"]
[PlyCount "0"]
[EventDate "2022.04.15"]
[EventRounds "7"]
[EventCountry "ENG"]

1. e4 {[%clk 01:30:56]} {[%emt 00:00:03]} c5 {[%clk 01:25:40]} {[%emt
00:05:21]} 2. c3 {[%clk 01:31:18]} {[%emt 00:00:08]} Nf6 {[%clk 01:26:05]}
{[%emt 00:00:05]} 3. e5 {[%clk 01:31:42]} {[%emt 00:00:06]} Nd5 {[%clk
01:26:31]} {[%emt 00:00:04]} 4. d4 {[%clk 01:31:48]} {[%emt 00:00:24]} cxd4
{[%clk 01:26:56]} {[%emt 00:00:05]} 5. cxd4 {[%clk 01:32:13]} {[%emt 00:00:05]}
d6 {[%clk 01:27:11]} {[%emt 00:00:16]} 6. Nf3 {[%clk 01:31:48]} {[%emt
00:00:54]} Nc6 {[%clk 01:27:35]} {[%emt 00:00:07]} 7. Bc4 {[%clk 01:31:51]}
{[%emt 00:00:27]} Nb6 {[%clk 01:28:00]} {[%emt 00:00:05]} 8. Bb5 {[%clk
01:27:59]} {[%emt 00:04:22]} dxe5 {[%clk 01:28:06]} {[%emt 00:00:24]} 9. Nxe5
{[%clk 01:27:37]} {[%emt 00:00:52]} Bd7 {[%clk 01:28:22]} {[%emt 00:00:14]} 10.
Nxd7 {[%clk 01:21:40]} {[%emt 00:06:27]} Qxd7 {[%clk 01:28:45]} {[%emt
00:00:07]} 11. Be3 {[%clk 01:16:23]} {[%emt 00:05:46]} e6 {[%clk 01:26:44]}
{[%emt 00:02:31]} 12. Nc3 {[%clk 01:16:15]} {[%emt 00:00:39]} Be7 {[%clk
01:22:59]} {[%emt 00:04:15]} 13. O-O {[%clk 01:08:52]} {[%emt 00:07:53]} O-O
{[%clk 01:22:37]} {[%emt 00:00:53]} 14. Rc1 {[%clk 00:56:39]} {[%emt 00:12:42]}
Rac8 {[%clk 01:19:30]} {[%emt 00:03:36]} 15. Qd2 {[%clk 00:35:36]} {[%emt
00:21:34]} a6 {[%clk 01:16:48]} {[%emt 00:03:13]} 16. Bd3 {[%clk 00:34:21]}
{[%emt 00:01:44]} Rfd8 {[%clk 01:13:15]} {[%emt 00:04:02]} 17. Rfd1 {[%clk
00:34:18]} {[%emt 00:00:33]} Nb4 {[%clk 00:57:37]} {[%emt 00:16:09]} 18. Bb1
{[%clk 00:34:18]} {[%emt 00:00:29]} Nc4 {[%clk 00:56:40]} {[%emt 00:01:27]} 19.
Qe2 {[%clk 00:34:16]} {[%emt 00:00:32]} Nxe3 {[%clk 00:52:50]} {[%emt
00:04:21]} 20. fxe3 {[%clk 00:33:24]} {[%emt 00:01:21]} Bg5 {[%clk 00:50:53]}
{[%emt 00:02:28]} 21. h4 {[%clk 00:22:33]} {[%emt 00:11:21]} Bh6 {[%clk
00:49:53]} {[%emt 00:01:30]} 22. Qf3 {[%clk 00:18:42]} {[%emt 00:04:20]} Nd5
{[%clk 00:24:27]} {[%emt 00:25:57]} 23. Nxd5 {[%clk 00:17:52]} {[%emt
00:01:20]} Qxd5 {[%clk 00:23:59]} {[%emt 00:00:59]} 24. Rxc8 {[%clk 00:16:10]}
{[%emt 00:02:11]} Rxc8 {[%clk 00:24:25]} {[%emt 00:00:05]} 25. Be4 {[%clk
00:15:40]} {[%emt 00:00:59]} Qxa2 {[%clk 00:24:11]} {[%emt 00:00:45]} 26. Bxb7
{[%clk 00:10:05]} {[%emt 00:06:04]} Rd8 {[%clk 00:14:33]} {[%emt 00:10:09]} 27.
Rf1 {[%clk 00:06:51]} {[%emt 00:03:43]} Rd7 {[%clk 00:09:24]} {[%emt 00:05:40]}
28. Bc6 {[%clk 00:06:49]} {[%emt 00:00:32]} Ra7 {[%clk 00:05:27]} {[%emt
00:04:27]} 29. d5 {[%clk 00:03:11]} {[%emt 00:04:08]} Qb3 {[%clk 00:05:06]}
{[%emt 00:00:50]} 30. e4 {[%clk 00:02:18]} {[%emt 00:01:23]} Qb6+ {[%clk
00:00:52]} {[%emt 00:04:44]} 31. Kh1 {[%clk 00:02:39]} {[%emt 00:00:09]} g6
{[%clk 00:00:39]} {[%emt 00:00:43]} 32. Be8 {[%clk 00:01:18]} {[%emt 00:01:51]}
Qc7 {[%clk 00:00:34]} {[%emt 00:00:37]} 33. d6 {[%clk 00:00:48]} {[%emt
00:00:59]} Qxd6 {[%clk 00:00:44]} {[%emt 00:00:20]} 34. Bxf7+ {[%clk 00:01:12]}
{[%emt 00:00:06]} Kh8 {[%clk 00:00:48]} {[%emt 00:00:25]} 35. Qf6+ {[%clk
00:00:36]} {[%emt 00:01:05]} Bg7 {[%clk 00:01:12]} {[%emt 00:00:07]} 36. Qxe6
{[%clk 00:01:02]} {[%emt 00:00:04]} Qxe6 {[%clk 00:01:15]} {[%emt 00:00:27]} 37.
Bxe6 {[%clk 00:01:30]} {[%emt 00:00:02]} Bxb2 {[%clk 00:01:20]} {[%emt
00:00:25]} 38. Rb1 {[%clk 00:00:40]} {[%emt 00:01:20]} Be5 {[%clk 00:01:26]}
{[%emt 00:00:24]} 39. g4 {[%clk 00:00:50]} {[%emt 00:00:20]} Bg3 {[%clk
00:00:52]} {[%emt 00:01:04]} 40. h5 {[%clk 00:00:42]} {[%emt 00:00:38]} Kg7
{[%clk 00:00:55]} {[%emt 00:00:27]} 41. hxg6 {[%clk 00:00:38]} {[%emt
00:00:34]} hxg6 {[%clk 00:01:13]} {[%emt 00:00:11]} 42. Kg2 {[%clk 00:00:40]}
{[%emt 00:00:28]} Be5 {[%clk 00:01:16]} {[%emt 00:00:27]} 43. Rb6 {[%clk
00:00:54]} {[%emt 00:00:16]} a5 {[%clk 00:01:00]} {[%emt 00:00:47]} 44. Bd5
{[%clk 00:00:54]} {[%emt 00:00:30]} a4 {[%clk 00:00:34]} {[%emt 00:00:57]} 45.
Rb7+ {[%clk 00:00:42]} {[%emt 00:00:41]} Rxb7 {[%clk 00:00:59]} {[%emt
00:00:05]} 46. Bxb7 {[%clk 00:01:11]} a3 {[%clk 00:01:09]} {[%emt 00:00:20]} 47.
Bd5 {[%clk 00:01:39]} {[%emt 00:00:02]} Kf6 {[%clk 00:01:25]} {[%emt 00:00:14]}
48. Kf3 {[%clk 00:01:36]} {[%emt 00:00:32]} Kg5 {[%clk 00:01:27]} {[%emt
00:00:28]} 49. Ba2 {[%clk 00:01:44]} {[%emt 00:00:23]} Kh4 {[%clk 00:01:30]}
{[%emt 00:00:26]} 50. Bb3 {[%clk 00:01:15]} {[%emt 00:00:59]} Kh3 {[%clk
00:01:42]} {[%emt 00:00:18]} 51. Bc4 {[%clk 00:00:44]} {[%emt 00:01:01]} Kh2
{[%clk 00:02:01]} {[%emt 00:00:11]}  0-1

[Event "2nd Easter 4NCL Congress"]
[Site "Daventry"]
[Date "2022.04.18"]
[Round "6"]
[Board "13"]
[White "Murawski, Jan"]
[Black "Ackley, Peter Je"]
[Result "1/2-1/2"]
[WhiteElo "1852"]
[BlackElo "2156"]
[PlyCount "0"]
[EventDate "2022.04.15"]
[EventRounds "7"]
[EventCountry "ENG"]

1. d4 {[%clk 01:30:58]} {[%emt 00:00:02]} g6 {[%clk 01:30:56]} {[%emt
00:00:04]} 2. c4 {[%clk 01:31:17]} {[%emt 00:00:11]} Bg7 {[%clk 01:31:20]}
{[%emt 00:00:06]} 3. Nc3 {[%clk 01:31:01]} {[%emt 00:00:46]} d6 {[%clk
01:31:45]} {[%emt 00:00:05]} 4. e4 {[%clk 01:31:22]} {[%emt 00:00:10]} e5
{[%clk 01:32:10]} {[%emt 00:00:05]} 5. Nf3 {[%clk 01:31:44]} {[%emt 00:00:08]}
Nc6 {[%clk 01:32:34]} {[%emt 00:00:06]} 6. Bg5 {[%clk 01:32:08]} {[%emt
00:00:05]} f6 {[%clk 01:32:37]} {[%emt 00:00:27]} 7. Be3 {[%clk 01:31:59]}
{[%emt 00:00:40]} Nh6 {[%clk 01:29:53]} {[%emt 00:03:14]} 8. h3 {[%clk
01:28:12]} {[%emt 00:04:17]} O-O {[%clk 01:18:11]} {[%emt 00:12:12]} 9. c5
{[%clk 01:23:12]} {[%emt 00:05:30]} f5 {[%clk 01:03:20]} {[%emt 00:15:21]} 10.
Bc4+ {[%clk 01:19:05]} {[%emt 00:04:38]} Kh8 {[%clk 01:02:22]} {[%emt
00:01:27]} 11. Bg5 {[%clk 01:10:06]} {[%emt 00:09:29]} Qd7 {[%clk 00:57:36]}
{[%emt 00:05:17]} 12. dxe5 {[%clk 00:56:19]} {[%emt 00:14:16]} Nxe5 {[%clk
00:32:20]} {[%emt 00:25:47]} 13. Nxe5 {[%emt 00:00:56]} dxe5 {[%clk 00:32:43]}
{[%emt 00:00:04]} 14. O-O {[%clk 00:53:26]} {[%emt 00:02:58]} fxe4 {[%clk
00:30:53]} {[%emt 00:02:20]} 15. Nxe4 {[%clk 00:32:15]} {[%emt 00:21:42]} Nf5
{[%clk 00:28:17]} {[%emt 00:03:06]} 16. Qe1 {[%clk 00:18:54]} {[%emt 00:13:51]}
Nd4 {[%clk 00:27:06]} {[%emt 00:01:41]} 17. Qc3 {[%clk 00:17:15]} {[%emt
00:02:10]} Qf5 {[%clk 00:22:56]} {[%emt 00:04:40]} 18. f3 {[%clk 00:14:15]}
{[%emt 00:03:29]} Bd7 {[%clk 00:17:42]} {[%emt 00:05:44]} 19. Rae1 {[%clk
00:13:07]} {[%emt 00:01:39]} Bc6 {[%clk 00:17:11]} {[%emt 00:01:01]} 20. Bh4
{[%clk 00:11:27]} {[%emt 00:02:10]} Rae8 {[%clk 00:15:54]} {[%emt 00:01:47]} 21.
Bd3 {[%clk 00:07:53]} {[%emt 00:04:04]} Qf7 {[%clk 00:13:36]} {[%emt 00:02:48]}
22. Ng5 {[%clk 00:05:45]} {[%emt 00:02:37]} Qd7 {[%clk 00:13:22]} {[%emt
00:00:45]} 23. Bc4 {[%clk 00:04:59]} {[%emt 00:01:15]} Bd5 {[%clk 00:08:30]}
{[%emt 00:05:22]} 24. Ne4 {[%clk 00:04:57]} {[%emt 00:00:33]} Bc6 {[%clk
00:08:40]} {[%emt 00:00:20]} 25. b4 {[%clk 00:04:22]} {[%emt 00:01:05]} a6
{[%clk 00:08:39]} {[%emt 00:00:32]} 26. a3 {[%clk 00:02:09]} {[%emt 00:02:43]}
 1/2-1/2